| 000 | 00285 a2200121 4500 | ||
|---|---|---|---|
| 999 |
_c321802 _d321802 |
||
| 001 | 86729 | ||
| 003 | NUST | ||
| 005 | 20180123111720.0 | ||
| 008 | 180123b xxu||||| |||| 00| 0 eng d | ||
| 082 | _a891.4397 ASI | ||
| 100 |
_aDr Asif Riaz Qadeer _99589 |
||
| 245 |
_aMizah Paray _hUrdu |
||
| 260 |
_aIslamabad _bIdara Roodad _c2010 |
||
| 300 | _a356p. | ||
| 942 |
_aCAE NUST _cBK _k891.4397 ASI _2ddc |
||